000 01418nam a22003737a 4500
003 CHAP
005 20220329135725.0
008 971013s1970 r 00010 d
010 _a41116
011 _a42088
035 _a46215
040 _cCHAP
082 _a631.7
_bF6
110 _aFondo de Garantía y Fomento para la Agricultura, Ganadería y Avicultura. México
_942107
245 _aManual para el alumbramiento de aguas subterráneas con recursos del Fondo
260 _aMéxico, D.F. :
_b(s.e.),
_c1970
300 _a111 p.
590 _aBATCH-UPD
_b10
_c20130110
_lUCH01
_h0235
590 _aBATCH-UPD
_b10
_c20130110
_lUCH01
_h2010
590 _aBATCH-UPD
_b10
_c20130409
_lUCH01
_h2300
590 _aBATCH-UPD
_b10
_c20130410
_lUCH01
_h1329
590 _aBATCH-UPD
_b10
_c20130914
_lUCH01
_h1656
590 _aCONVERSION
_b10
_c20130109
_lUCH01
_h1323
650 1 4 _aAgua subterranea.
_92456
650 1 4 _aIrrigación
_xCostos.
_960392
650 1 4 _aPozos para irrigación.
_991210
901 _aBK
942 _cLIBRO
949 _a631.7 F6
_bBC
_cLIBRO
_d-105320
_eLIBRO
_h15459
_i46215
_si
949 _a631.7 F6
_bBC
_cLIBRO
_d33724000169231
_eLIBRO
_fc.4
_h16429
_i46215
_si
949 _a631.7 F6
_bBC
_cLIBRO
_d33724000169249
_eLIBRO
_fc.2
_h16427
_i46215
_si
949 _a631.7 F6
_bBC
_cLIBRO
_d33724000169256
_eLIBRO
_fc.3
_h16428
_i46215
_si
949 _a631.7 F6
_bBC
_cLIBRO
_d33724000614558
_eLIBRO
_fc.5
_h90516
_i46215
_si
999 _c41116
_d41116